Sports psychiatry (Record no. 83575)
[ view plain ]
| 000 -LEADER | |
|---|---|
| fixed length control field | 00791 a2200265 4500 |
| 003 - CONTROL NUMBER IDENTIFIER | |
| control field | CBULib |
| 005 - DATE AND TIME OF LATEST TRANSACTION | |
| control field | 20231211144809.0 |
| 008 - FIXED-LENGTH DATA ELEMENTS--GENERAL INFORMATION | |
| fixed length control field | 231211b |||||||| |||| 00| 0 eng d |
| 020 ## - INTERNATIONAL STANDARD BOOK NUMBER | |
| International Standard Book Number | 9780198734628 |
| 040 ## - CATALOGING SOURCE | |
| Language of cataloging | English |
| Transcribing agency | CBULib |
| Description conventions | rda |
| 041 ## - LANGUAGE CODE | |
| Language code of text/sound track or separate title | eng |
| 050 ## - LIBRARY OF CONGRESS CALL NUMBER | |
| Classification number | RC 451.4.A83 Cur |
| 100 1# - MAIN ENTRY--PERSONAL NAME | |
| Personal name | Currie, Alan |
| 9 (RLIN) | 1372 |
| 245 ## - TITLE STATEMENT | |
| Title | Sports psychiatry |
| Statement of responsibility, etc | / by Alan Currie; and Bruce Owen |
| 260 ## - PUBLICATION, DISTRIBUTION, ETC. (IMPRINT) | |
| Name of publisher, distributor, etc | Oxford University Press, |
| Date of publication, distribution, etc | 2016 |
| Place of publication, distribution, etc | Oxford : |
| 300 ## - PHYSICAL DESCRIPTION | |
| Extent | unnumbered pages |
| 336 ## - CONTENT TYPE | |
| Source | rdacontent |
| Content type term | Text | |
| Content type code | txt |
| 337 ## - MEDIA TYPE | |
| Source | rdamedia |
| Media type term | Unmediated | |
| Media type code | n |
| 338 ## - CARRIER TYPE | |
| Source | rdacarrier |
| Carrier type term | Volume |
| Carrier type code | nc |
| 504 ## - BIBLIOGRAPHY, ETC. NOTE | |
| Bibliography, etc | Includes an index |
| 650 #0 - SUBJECT ADDED ENTRY--TOPICAL TERM | |
| 9 (RLIN) | 1374 |
| Topical term or geographic name as entry element | ATHLETES MENTAL HEALTH HANDBOOKS |
| 650 #0 - SUBJECT ADDED ENTRY--TOPICAL TERM | |
| 9 (RLIN) | 1373 |
| Topical term or geographic name as entry element | ATHLETES MENTAL HEALTH |
| 650 #0 - SUBJECT ADDED ENTRY--TOPICAL TERM | |
| 9 (RLIN) | 1375 |
| Topical term or geographic name as entry element | ATHLETES PSYCHOLOGY |
| 942 ## - ADDED ENTRY ELEMENTS (KOHA) | |
| Source of classification or shelving scheme | |
| Koha item type | MONOGRAPH |
| Withdrawn status | Lost status | Source of classification or shelving scheme | Damaged status | Not for loan | Collection code | Permanent Location | Current Location | Shelving location | Date acquired | Source of acquisition | Cost, normal purchase price | Total Checkouts | Full call number | Barcode | Date last seen | Copy number | Price effective from | Koha item type |
|---|---|---|---|---|---|---|---|---|---|---|---|---|---|---|---|---|---|---|
| Michael Chilufya Sata Collection | CBU-MICHAEL CHILUFYA SATA LIBRARY | CBU-MAIN LIBRARY, KITWE. | General Stacks | 12/11/2023 | Book Aid International | 35.04 | RC451.4.A83 Cur | 995520 | 12/11/2023 | 1 | 12/11/2023 | MONOGRAPH |